000 00455nam a22001937a 4500
003 MPLRDC
005 20220104145850.0
008 210129b ||||| |||| 00| 0 eng d
020 _a957-621-896-9
082 _a019 GXJ
100 _a高希均
245 _a读一流书, 做一流人
_c
250 _a初版
260 _a
_b天下文化
_c2001
300 _b
490 _a天下文化. BOX 005
650 _a读书法
942 _cBK
_o019 GXJ
999 _c51567
_d51557